[Event "Unterfranken-ch M2 60th"]
[Site "Obernau"]
[Date "2009.04.17"]
[Round "7"]
[White "Oehrlein, Simon"]
[Black "Saftenberger, Wolfgang"]
[Result "1/2-1/2"]
[WhiteElo "1704"]
[BlackElo "1650"]
[PlyCount "22"]
[EventDate "2009.04.13"]
[EventType "swiss"]
[EventRounds "9"]
[EventCountry "GER"]
[SourceTitle "EXT 2015"]
[Source "ChessBase"]
[SourceDate "2014.11.20"]
[SourceVersion "1"]
[SourceVersionDate "2014.11.20"]
[SourceQuality "1"]

1. e4 e6 2. d4 d5 3. Nc3 Bb4 4. e5 c5 5. a3 cxd4 6. axb4 dxc3 7. Qg4 Ne7 8. bxc3 Qc7 9. Bd2 Qxe5+ 10. Be2 Ng6 11. Nf3 Qc7 1/2-1/2

[Event "Unterfranken-ch M2 60th"]
[Site "Obernau"]
[Date "2009.04.13"]
[Round "1"]
[White "Oehrlein, Simon"]
[Black "Seifert, Armin"]
[Result "1-0"]
[WhiteElo "1704"]
[BlackElo "1811"]
[PlyCount "51"]
[EventDate "2009.04.13"]
[EventType "swiss"]
[EventRounds "9"]
[EventCountry "GER"]
[SourceTitle "EXT 2015"]
[Source "ChessBase"]
[SourceDate "2014.11.20"]
[SourceVersion "1"]
[SourceVersionDate "2014.11.20"]
[SourceQuality "1"]

1. e4 c5 2. Nf3 d6 3. d4 cxd4 4. Nxd4 Nf6 5. Nc3 g6 6. Be3 Bg7 7. Qd2 Ng4 8. 0-0-0 Nxe3 9. Qxe3 Nc6 10. Bb5 Bd7 11. Bxc6 bxc6 12. Rhe1 Rb8 13. f4 h5 14. e5 Qb6 15. exd6 e6 16. Nb3 Qb4 17. Ne4 a5 18. a3 Qb5 19. Qc5 Bxb2+ 20. Kxb2 a4 21. Qxb5 Rxb5 22. Nc3 Rf5 23. Nxa4 Rxf4 24. Nac5 Rf5 25. a4 Rd5 26. a5 1-0

[Event "Unterfranken-ch HA 59th"]
[Site "Rieneck"]
[Date "2008.03.27"]
[Round "6"]
[White "Popp, Maximilian"]
[Black "Oehrlein, Simon"]
[Result "1/2-1/2"]
[WhiteElo "1562"]
[BlackElo "1636"]
[PlyCount "25"]
[EventDate "2008.03.24"]
[EventType "swiss"]
[EventRounds "9"]
[EventCountry "GER"]
[SourceTitle "EXT 2015"]
[Source "ChessBase"]
[SourceDate "2014.11.20"]
[SourceVersion "1"]
[SourceVersionDate "2014.11.20"]
[SourceQuality "1"]

1. e4 e5 2. Bc4 Nf6 3. d4 exd4 4. Nf3 Nc6 5. 0-0 Bc5 6. e5 d5 7. exf6 dxc4 8. fxg7 Rg8 9. Re1+ Be6 10. Ng5 Qd5 11. Nc3 Qf5 12. Nce4 Bb6 13. Nxf7 1/2-1/2

[Event "Unterfranken-ch HA 59th"]
[Site "Rieneck"]
[Date "2008.03.26"]
[Round "5"]
[White "Oehrlein, Simon"]
[Black "Fischer, Frank"]
[Result "1/2-1/2"]
[WhiteElo "1636"]
[BlackElo "1753"]
[PlyCount "35"]
[EventDate "2008.03.24"]
[EventType "swiss"]
[EventRounds "9"]
[EventCountry "GER"]
[SourceTitle "EXT 2015"]
[Source "ChessBase"]
[SourceDate "2014.11.20"]
[SourceVersion "1"]
[SourceVersionDate "2014.11.20"]
[SourceQuality "1"]

1. e4 Nf6 2. e5 Nd5 3. c4 Nb6 4. d4 d6 5. f4 dxe5 6. fxe5 Bf5 7. Nc3 Nc6 8. Be3 e6 9. Nf3 Be7 10. Be2 g5 11. h3 h6 12. a3 a5 13. d5 exd5 14. cxd5 Na7 15. Nd4 Bg6 16. Ndb5 Nac8 17. 0-0 0-0 18. Qd4 1/2-1/2

[Event "Unterfranken-ch HA 59th"]
[Site "Rieneck"]
[Date "2008.03.25"]
[Round "3"]
[White "Oehrlein, Simon"]
[Black "Schneider, Philipp"]
[Result "1-0"]
[WhiteElo "1636"]
[BlackElo "799"]
[PlyCount "67"]
[EventDate "2008.03.24"]
[EventType "swiss"]
[EventRounds "9"]
[EventCountry "GER"]
[SourceTitle "EXT 2015"]
[Source "ChessBase"]
[SourceDate "2014.11.20"]
[SourceVersion "1"]
[SourceVersionDate "2014.11.20"]
[SourceQuality "1"]

1. e4 e5 2. Bc4 Nf6 3. d4 Nc6 4. d5 Ne7 5. Nc3 d6 6. Nge2 Bg4 7. Bg5 Ng6 8. f3 Bd7 9. Qd2 h6 10. Be3 Be7 11. 0-0-0 0-0 12. g4 Nh4 13. Rdf1 Ng2 14. Bf2 Nh7 15. Kb1 Bh4 16. Ng3 Bg5 17. Qd1 Be3 18. Qe2 Bxf2 19. Qxf2 Nf4 20. h4 Ng6 21. Nf5 Bxf5 22. exf5 Nf4 23. Ne4 a6 24. Rfg1 b5 25. Bb3 a5 26. a3 b4 27. a4 Nf6 28. h5 N6xd5 29. g5 hxg5 30. Nxg5 c5 31. h6 Rc8 32. hxg7 Re8 33. Qh4 Kxg7 34. Qh6+ 1-0

[Event "Unterfranken-ch HA 59th"]
[Site "Rieneck"]
[Date "2008.03.24"]
[Round "1"]
[White "Oehrlein, Simon"]
[Black "Yalcin, Alparslan"]
[Result "1/2-1/2"]
[WhiteElo "1636"]
[BlackElo "1426"]
[PlyCount "47"]
[EventDate "2008.03.24"]
[EventType "swiss"]
[EventRounds "9"]
[EventCountry "GER"]
[SourceTitle "EXT 2015"]
[Source "ChessBase"]
[SourceDate "2014.11.20"]
[SourceVersion "1"]
[SourceVersionDate "2014.11.20"]
[SourceQuality "1"]

1. e4 e5 2. d4 exd4 3. c3 dxc3 4. Bc4 cxb2 5. Bxb2 d5 6. Bxd5 Bb4+ 7. Nc3 Qe7 8. a3 Bxc3+ 9. Bxc3 Nf6 10. Ne2 c6 11. Bb4 Qd7 12. Bb3 Qxd1+ 13. Rxd1 Nxe4 14. f3 Ng5 15. 0-0 Be6 16. Bc2 Bc4 17. Rfe1 Na6 18. Ng3+ Ne6 19. Nf5 Nxb4 20. axb4 0-0 21. Rd7 Ba6 22. Bb3 Rad8 23. Re7 Rde8 24. Rd7 1/2-1/2

[Event "Unterfranken-ch HB 58th"]
[Site "Wuerzburg"]
[Date "2007.04.11"]
[Round "4"]
[White "Oehrlein, Simon"]
[Black "Richter, Heiko"]
[Result "1/2-1/2"]
[WhiteElo "1636"]
[BlackElo "1594"]
[PlyCount "73"]
[EventDate "2007.04.09"]
[EventType "swiss"]
[EventRounds "9"]
[EventCountry "GER"]
[SourceTitle "EXT 2015"]
[Source "ChessBase"]
[SourceDate "2014.11.20"]
[SourceVersion "1"]
[SourceVersionDate "2014.11.20"]
[SourceQuality "1"]

1. e4 e5 2. Bc4 Nf6 3. d4 exd4 4. Nf3 Nc6 5. 0-0 d6 6. Nxd4 Bd7 7. Nc3 Be7 8. Re1 0-0 9. Nd5 Nxd5 10. Nxc6 bxc6 11. exd5 Rb8 12. c3 Bf6 13. Qc2 cxd5 14. Bxd5 c5 15. Bf4 Rb6 16. Rad1 Qc7 17. Rd2 Rd8 18. Rde2 Qc8 19. Qe4 Be6 20. Bxe6 fxe6 21. Qf3 Qb7 22. Qxb7 Rxb7 23. Bc1 e5 24. c4 a5 25. Rd1 a4 26. Rd3 Be7 27. f4 exf4 28. Bxf4 Bf6 29. Rxd6 Bd4+ 30. Kh1 Rxd6 31. Bxd6 Rb4 32. Rc2 Kf7 33. g3 Ke6 34. Bf8 Kf7 35. Bd6 Ke6 36. Bf8 Kf7 37. Bd6 1/2-1/2

[Event "Unterfranken-ch HB 57th"]
[Site "Prichsenstadt"]
[Date "2006.04.20"]
[Round "6"]
[White "Neuburger, Eduard"]
[Black "Oehrlein, Simon"]
[Result "1/2-1/2"]
[WhiteElo "1556"]
[BlackElo "1605"]
[PlyCount "55"]
[EventDate "2006.04.17"]
[EventType "swiss"]
[EventRounds "9"]
[EventCountry "GER"]
[SourceTitle "EXT 2015"]
[Source "ChessBase"]
[SourceDate "2014.11.20"]
[SourceVersion "1"]
[SourceVersionDate "2014.11.20"]
[SourceQuality "1"]

1. d4 Nf6 2. Bf4 d6 3. e3 g6 4. Nd2 Bg7 5. h3 Nbd7 6. Bh2 a6 7. a4 e5 8. dxe5 Nxe5 9. Ngf3 Nc6 10. c3 0-0 11. Be2 Be6 12. Nd4 Nxd4 13. exd4 Re8 14. 0-0 Bh6 15. Bf3 c6 16. Re1 Qd7 17. Ne4 Nxe4 18. Bxe4 f5 19. Bf3 f4 20. Bg4 Bxg4 21. Qxg4 Qxg4 22. hxg4 Kf7 23. f3 Kf6 24. g3 g5 25. gxf4 gxf4 26. Kg2 Kg5 27. Bg1 Bg7 28. Bf2 1/2-1/2

[Event "Unterfranken-ch M2 56th"]
[Site "Stetten"]
[Date "2005.04.01"]
[Round "8"]
[White "Weikert, Benedikt"]
[Black "Oehrlein, Simon"]
[Result "0-1"]
[WhiteElo "1613"]
[BlackElo "1641"]
[PlyCount "70"]
[EventDate "2005.03.28"]
[EventType "swiss"]
[EventRounds "9"]
[EventCountry "GER"]
[SourceTitle "EXT 2015"]
[Source "ChessBase"]
[SourceDate "2014.11.20"]
[SourceVersion "1"]
[SourceVersionDate "2014.11.20"]
[SourceQuality "1"]

1. d4 Nf6 2. c4 g6 3. Nc3 Bg7 4. e4 d6 5. Nf3 0-0 6. Be2 Nc6 7. Be3 e5 8. d5 Ne7 9. Qd2 Ne8 10. h4 Bg4 11. Ng5 Bxe2 12. Nxe2 Nf6 13. f3 Qd7 14. h5 Nxh5 15. Nxh7 Rfc8 16. g4 Nf6 17. Nxf6+ Bxf6 18. Bg5 Bg7 19. Bh6 Bh8 20. Ng3 f6 21. Qh2 Kf7 22. Bd2 Bg7 23. Ke2 c6 24. b3 cxd5 25. exd5 b5 26. Rhc1 bxc4 27. bxc4 Qa4 28. Kd3 Rab8 29. Be3 Qa6 30. Ne4 Rd8 31. Rc2 Nxd5 32. Kd2 Ne7 33. Rac1 d5 34. cxd5 Nxd5 35. Qe2 Nf4+ 0-1

[Event "Unterfranken-ch M2 56th"]
[Site "Stetten"]
[Date "2005.03.30"]
[Round "5"]
[White "Oehrlein, Simon"]
[Black "Ziegler, Thomas"]
[Result "1/2-1/2"]
[WhiteElo "1641"]
[BlackElo "1740"]
[PlyCount "66"]
[EventDate "2005.03.28"]
[EventType "swiss"]
[EventRounds "9"]
[EventCountry "GER"]
[SourceTitle "EXT 2015"]
[Source "ChessBase"]
[SourceDate "2014.11.20"]
[SourceVersion "1"]
[SourceVersionDate "2014.11.20"]
[SourceQuality "1"]

1. e4 d6 2. d4 Nf6 3. Nc3 g6 4. Bg5 Bg7 5. e5 dxe5 6. dxe5 Nfd7 7. f4 0-0 8. Qd2 f6 9. Bc4+ Kh8 10. exf6 exf6 11. Bh4 Nb6 12. Bd3 Bg4 13. h3 Qe8+ 14. Nge2 Bxe2 15. Nxe2 f5 16. 0-0-0 Na4 17. c3 Qe7 18. Kb1 Nc6 19. g4 Bf6 20. Bxf6+ Qxf6 21. g5 Qe7 22. h4 Nc5 23. Ng3 Rad8 24. Qc2 Nxd3 25. Rxd3 Rxd3 26. Qxd3 Rd8 27. Qf3 Qd7 28. h5 Kg7 29. hxg6 hxg6 30. Re1 Qd3+ 31. Qxd3 Rxd3 32. Ne2 Kf7 33. Kc2 Rh3 1/2-1/2

[Event "Unterfranken-ch M2 56th"]
[Site "Stetten"]
[Date "2005.03.29"]
[Round "4"]
[White "Grebner, Bernd"]
[Black "Oehrlein, Simon"]
[Result "1/2-1/2"]
[WhiteElo "1840"]
[BlackElo "1641"]
[PlyCount "52"]
[EventDate "2005.03.28"]
[EventType "swiss"]
[EventRounds "9"]
[EventCountry "GER"]
[SourceTitle "EXT 2015"]
[Source "ChessBase"]
[SourceDate "2014.11.20"]
[SourceVersion "1"]
[SourceVersionDate "2014.11.20"]
[SourceQuality "1"]

1. d4 Nf6 2. Bf4 d6 3. e3 g6 4. h3 b6 5. c3 Bb7 6. Nd2 Bg7 7. Qc2 0-0 8. Ngf3 Nbd7 9. Bh2 c5 10. Be2 cxd4 11. exd4 a6 12. a4 Re8 13. 0-0 Bh6 14. Rfe1 Nd5 15. Bf1 Bf4 16. Bxf4 Nxf4 17. g3 Nd5 18. Bg2 Rb8 19. Re2 Qc7 20. Rae1 e6 21. Ne4 h6 22. h4 N5f6 23. Nfd2 Nxe4 24. Bxe4 Bxe4 25. Nxe4 d5 26. Nd2 b5 1/2-1/2

[Event "Unterfranken-ch HA 53th"]
[Site "Wuerzburg"]
[Date "2002.??.??"]
[Round "?"]
[White "Mauder, Manfred"]
[Black "Oehrlein, Simon"]
[Result "1/2-1/2"]
[WhiteElo "1714"]
[BlackElo "1653"]
[PlyCount "63"]
[EventDate "2002.04.01"]
[EventType "swiss"]
[EventRounds "9"]
[EventCountry "GER"]
[SourceTitle "EXT 2015"]
[Source "ChessBase"]
[SourceDate "2014.11.20"]
[SourceVersion "1"]
[SourceVersionDate "2014.11.20"]
[SourceQuality "1"]

1. Nf3 d6 2. c4 Nf6 3. g3 g6 4. d4 Bg7 5. Bg2 0-0 6. Nc3 c5 7. d5 Nbd7 8. 0-0 Nb6 9. Qd3 Bg4 10. Nd2 Qd7 11. e4 Na4 12. Nxa4 Qxa4 13. h3 Bc8 14. b3 Qb4 15. Bb2 a6 16. Bc3 Qb6 17. f4 Qc7 18. a4 e6 19. e5 Ne8 20. exd6 Nxd6 21. Bxg7 Kxg7 22. Qc3+ Kg8 23. dxe6 Bxe6 24. Rad1 Rad8 25. Kh2 Rfe8 26. Rfe1 Bf5 27. Re5 Rxe5 28. fxe5 Ne4 29. Bxe4 Bxe4 30. Re1 Bf5 31. Ne4 Bxe4 32. Rxe4 1/2-1/2

[Event "Unterfranken-ch HA 53th"]
[Site "Wuerzburg"]
[Date "2002.??.??"]
[Round "?"]
[White "Oehrlein, Simon"]
[Black "Lutz, Gerhard"]
[Result "1/2-1/2"]
[WhiteElo "1653"]
[BlackElo "1559"]
[PlyCount "83"]
[EventDate "2002.04.01"]
[EventType "swiss"]
[EventRounds "9"]
[EventCountry "GER"]
[SourceTitle "EXT 2015"]
[Source "ChessBase"]
[SourceDate "2014.11.20"]
[SourceVersion "1"]
[SourceVersionDate "2014.11.20"]
[SourceQuality "1"]

1. e4 b6 2. Nc3 Bb7 3. d4 e6 4. Bd3 Nf6 5. Qe2 Bb4 6. Bd2 d5 7. e5 Nfd7 8. a3 Be7 9. Nf3 c5 10. b3 cxd4 11. Nxd4 a6 12. f4 Bc5 13. Be3 Bxd4 14. Bxd4 Nc6 15. Bf2 b5 16. b4 Nb6 17. 0-0 g6 18. Bc5 Nc4 19. a4 Ne7 20. axb5 axb5 21. Rxa8 Qxa8 22. Nxb5 Kd7 23. Rd1 Nb2 24. Rd2 Nxd3 25. Qxd3 Ba6 26. c4 Rb8 27. Ra2 Qc6 28. Nd6 dxc4 29. Nxc4+ Nd5 30. Rb2 Qb5 31. Rc2 Qa4 32. Qd2 Bxc4 33. Rxc4 Ra8 34. Rd4 Qb3 35. h3 Kc6 36. Qc1 Ra2 37. Bd6+ Rc2 38. Qa1 Ra2 39. Qc1+ Rc2 40. Qa1 Ra2 41. Qc1+ Rc2 42. Qa1 1/2-1/2